<?xml version="1.0" encoding="UTF-8"?>
<record
    xmlns:xsi="http://www.w3.org/2001/XMLSchema-instance"
    xsi:schemaLocation="http://www.loc.gov/MARC21/slim http://www.loc.gov/standards/marcxml/schema/MARC21slim.xsd"
    xmlns="http://www.loc.gov/MARC21/slim">

  <leader>00941cam a22003134i 4500</leader>
  <datafield tag="999" ind1=" " ind2=" ">
    <subfield code="c">7780</subfield>
    <subfield code="d">7780</subfield>
  </datafield>
  <controlfield tag="001">991029588959706706</controlfield>
  <controlfield tag="003">OSt</controlfield>
  <controlfield tag="005">20230926135556.0</controlfield>
  <controlfield tag="008">110131s2010    spc||||||     000 0|cat| </controlfield>
  <datafield tag="015" ind1=" " ind2=" ">
    <subfield code="a">LL2011</subfield>
    <subfield code="2">bnc</subfield>
  </datafield>
  <datafield tag="017" ind1=" " ind2=" ">
    <subfield code="a">DL B. 39447-2010</subfield>
    <subfield code="b">Biblioteca de Catalunya</subfield>
  </datafield>
  <datafield tag="020" ind1=" " ind2=" ">
    <subfield code="a">9788499301990</subfield>
  </datafield>
  <datafield tag="035" ind1=" " ind2=" ">
    <subfield code="a">(ES-BaCBU).b47932387</subfield>
  </datafield>
  <datafield tag="040" ind1=" " ind2=" ">
    <subfield code="a">ES-BaBC</subfield>
    <subfield code="b">cat</subfield>
    <subfield code="e">rda</subfield>
    <subfield code="c">CDMR</subfield>
  </datafield>
  <datafield tag="080" ind1=" " ind2=" ">
    <subfield code="a">849.9-3"19"</subfield>
  </datafield>
  <datafield tag="080" ind1=" " ind2=" ">
    <subfield code="a">914.702.3</subfield>
  </datafield>
  <datafield tag="100" ind1="1" ind2=" ">
    <subfield code="a">Roig, Montserrat</subfield>
    <subfield code="9">2620</subfield>
  </datafield>
  <datafield tag="245" ind1="1" ind2="2">
    <subfield code="a">L'agulla daurada /</subfield>
    <subfield code="c">Montserrat Roig</subfield>
  </datafield>
  <datafield tag="264" ind1=" " ind2="1">
    <subfield code="a">Barcelona :</subfield>
    <subfield code="b">Edicions 62,</subfield>
    <subfield code="c">2010</subfield>
  </datafield>
  <datafield tag="300" ind1=" " ind2=" ">
    <subfield code="a">235 p&#xE0;gines ;</subfield>
    <subfield code="c">18 cm</subfield>
  </datafield>
  <datafield tag="490" ind1="1" ind2=" ">
    <subfield code="a">Labutxaca. Cr&#xF3;nica</subfield>
  </datafield>
  <datafield tag="600" ind1="1" ind2="0">
    <subfield code="a">Roig, Montserrat</subfield>
    <subfield code="9">2620</subfield>
  </datafield>
  <datafield tag="651" ind1=" " ind2="7">
    <subfield code="a">Sant Petersburg (R&#xFA;ssia)</subfield>
    <subfield code="x">Descripcions i viatges</subfield>
    <subfield code="2">lemac</subfield>
  </datafield>
  <datafield tag="830" ind1=" " ind2="0">
    <subfield code="a">Labutxaca.</subfield>
    <subfield code="p">Cr&#xF3;nica</subfield>
  </datafield>
  <datafield tag="907" ind1=" " ind2=" ">
    <subfield code="a">.b47932387</subfield>
    <subfield code="b">17-02-21</subfield>
    <subfield code="c">31-01-11</subfield>
    <subfield code="d">31-01-11</subfield>
    <subfield code="e">m</subfield>
    <subfield code="f">a</subfield>
    <subfield code="g">-</subfield>
    <subfield code="h">cat</subfield>
    <subfield code="i">spc</subfield>
    <subfield code="j">0</subfield>
    <subfield code="k">0</subfield>
  </datafield>
  <datafield tag="908" ind1=" " ind2=" ">
    <subfield code="a">BC</subfield>
    <subfield code="a">BAB</subfield>
  </datafield>
  <datafield tag="940" ind1=" " ind2=" ">
    <subfield code="a">BC</subfield>
  </datafield>
  <datafield tag="942" ind1=" " ind2=" ">
    <subfield code="2">udc</subfield>
    <subfield code="c">MON</subfield>
  </datafield>
  <datafield tag="952" ind1=" " ind2=" ">
    <subfield code="0">0</subfield>
    <subfield code="1">0</subfield>
    <subfield code="4">0</subfield>
    <subfield code="7">0</subfield>
    <subfield code="a">CDMR</subfield>
    <subfield code="b">CDMR</subfield>
    <subfield code="d">2023-09-26</subfield>
    <subfield code="e">Donaci&#xF3;</subfield>
    <subfield code="g">9.95</subfield>
    <subfield code="l">1</subfield>
    <subfield code="o">Dj /137</subfield>
    <subfield code="p">CDMR22050001</subfield>
    <subfield code="r">2024-11-21</subfield>
    <subfield code="s">2024-07-17</subfield>
    <subfield code="w">2023-09-26</subfield>
    <subfield code="y">MON</subfield>
  </datafield>
</record>
